000 00741cam a2200277 i 4500
001 768714001
003 CO-MdFUSB
005 20240622111022.0
007 ta
008 240622t1990 -sp||||| |||| 00| 0 spa d
020 _a84-7228-029-2
040 _cCO-MdFUSB
041 0 _aspa
082 0 4 _224
_a234.5
_bK761e
100 1 _aKoch, Kurt E.
_eautor
245 1 0 _aEntre Cristo y satanás
_c/ Kurt E. Koch ; traducido por Elva B. de Winter
264 1 _aTerrassa, Barcelona, España :
_bClie,
_c[1990]
264 4 _c©1990
300 _a215 Pag
336 _atexto
_btxt
_2rdacontent
337 _2rdamedia
_asin mediación
_bn
338 _2rdacarrier
_avolumen
_bnc
653 _aVida cristiana
942 _cBK
945 _aMiguel
999 _c35246
_d35246